Joueurs champions du monde 1998 - Mort Subite - Statistiques

Statistiques générales
  • Ce quiz a été pris 1 172 fois
  • Le résultat moyen est 14 sur 22
Answers on the Grid
Answers color-coded by a green-red scale on the quiz's grid according to % correct below.
Bernard Lama
Fabien Barthez
Lionel Charbonnier
Vincent Candela
Bixente Lizarazu
Laurent Blanc
Marcel Desailly
Lilian Thuram
Frank Lebœuf
Patrick Vieira
Youri Djorkaeff
Didier Deschamps
Zinédine Zidane
Robert Pirès
Bernard Diomède
Alain Boghossian
Emmanuel Petit
Christian Karembeu
Stéphane Guivarc'h
Thierry Henry
David Trezeguet
Christophe Dugarry
Lionel Letizi
Martin Djetou
Éric Cantona
Ibrahim Ba
Sabri Lamouchi
Pierre Laigle
Nicolas Anelka
William Gallas
Éric Carrière
Sylvain Wiltord
Ulrich Ramé
Steve Marlet
Johan Micoud
Djibril Cissé
Bruno Martini
Éric Di Meco
Patrice Loko
Vincent Guérin
 
Statistiques - réponses
Réponse % Correct
Lilian Thuram
77%
Thierry Henry
76%
Zinédine Zidane
76%
Didier Deschamps
75%
Emmanuel Petit
75%
Bixente Lizarazu
73%
Fabien Barthez
73%
Frank Lebœuf
73%
Laurent Blanc
73%
Marcel Desailly
72%
Youri Djorkaeff
69%
Christian Karembeu
66%
Christophe Dugarry
66%
Patrick Vieira
66%
David Trezeguet
65%
Robert Pirès
65%
Stéphane Guivarc'h
61%
Bernard Lama
52%
Alain Boghossian
46%
Bernard Diomède
40%
Vincent Candela
37%
Lionel Charbonnier
36%
Aucun quiz correspondant
Distribution des résultats
% des personnes avec chaque résultat
Percentile par nombre de réponses
Votre historique - résultats
Vous n’avez pas pris ce quiz